01483nam a22003494a 4500001001100000003000800011006001900019007001500038008004100053010001700094020001500111020002000126040002100146035002000167050002600187082001900213100003600232245012400268260007700392300002500469490004600494504006400540533015200604650004900756650004600805650004900851655002900900710001700929830004700946856012500993999001501118ebr5006329CaPaEBRm u cr cn|||||||||000920s2001 enka sb 001 0 eng  z 00048631  z0521780721 z0521785553 (pb) aCaPaEBRcCaPaEBR a(OCoLC)5120290114aHD6653.5b.M87 2001eb04a322/.2/0982211 aMurillo, Maria Victoria,d1967-10aLabor unions, partisan coalitions and market reforms in Latin Americah[electronic resource] /cMaria Victoria Murillo. aCambridge, UK ;aNew York, NY, USA :bCambridge University Press,c2001. axvii, 250 p. :bill.1 aCambridge studies in comparative politics aIncludes bibliographical references (p. 205-235) and index. aElectronic reproduction.bPalo Alto, Calif. :cebrary,d2013.nAvailable via World Wide Web.nAccess may be limited to ebrary affiliated libraries. 0aLabor unionszVenezuelaxPolitical activity. 0aLabor unionszMexicoxPolitical activity. 0aLabor unionszArgentinaxPolitical activity. 7aElectronic books.2local2 aebrary, Inc. 0aCambridge studies in comparative politics.40uhttp://site.ebrary.com/lib/rucke/Doc?id=5006329zAn electronic book accessible through the World Wide Web; click to view c6235d6235